000 00926cam a22003017a 4500
003 CHAP
005 20220920174521.0
008 971013s1904 r 00010 d
010 _a18266
011 _a19238
035 _a23323
040 _cCHAP
082 _a631.8
_bB6
100 0 0 _aBoasso, Pedro Francisco.
_913299
245 1 3 _aLa fertilización de los terrenos con el azoe libre del aire segun el sistema Solari
260 _aEspaƱa :
_b(s.n.),
_c1904
300 _a196 p.
_b: ilus.
490 0 _aBiblioteca Agraria Solariana
_v; 21-22
590 _aBATCH-UPD
_b10
_c20130110
590 _aBATCH-UPD
_b10
_c20130110
590 _aCONVERSION
_b10
_c20130109
650 1 4 _aFertilizantes nitrogenados.
_940596
650 1 4 _aFertilizantes.
_940447
830 0 _aBiblioteca Agraria Solariana
_v; 21-22
_912223
901 _aBK
942 _cLIBRO
_2ddc
949 _a631.8 B6
_bBC
_cLIBRO
_d-54346
_eBPP
_h71094
_i23323
_si
999 _c18266
_d18266